Los patitos feos. La resiliencia: una infancia infeliz no determina la vida
Gardado en:
| Autor Principal: | |
|---|---|
| Formato: | Libro |
| Idioma: | Lingua castelá |
| Publicado: |
Barcelona
Gedisa
2002
|
| Series: | Colección Psicología
|
| Subjects: | |
| Tags: |
Engadir etiqueta
Sen Etiquetas, Sexa o primeiro en etiquetar este rexistro!
|
MARC
| LEADER | 00000nam a2200000 a 4500 | ||
|---|---|---|---|
| 001 | UCL0289 | ||
| 003 | CL-VaPUC | ||
| 008 | 030704e20020000SP |||||||||||||||||spa|d | ||
| 020 | |a 8474329264 | ||
| 082 | 0 | 4 | |a 362.76 |b CYR |2 21 |
| 100 | 0 | |a Cyrulnik, Boris |e author |9 477026 | |
| 245 | 1 | 4 | |a Los patitos feos. La resiliencia: una infancia infeliz no determina la vida |
| 300 | |a 238 p | ||
| 942 | |c BK | ||
| 945 | |d 20030704 00:00:00 |a cmena | ||
| 260 | |a Barcelona |b Gedisa |c 2002 | ||
| 650 | 0 | |a Niños |9 255605 | |
| 650 | 0 | |a Maltrato infantil |9 324690 | |
| 650 | 0 | |a Problemas sociales |9 258537 | |
| 650 | 0 | |a Psicología del niño |9 307305 | |
| 650 | 0 | |a Integración social |9 319662 | |
| 650 | 7 | |a RELACIONES FAMILIARES |2 CL-VaPUC |9 333100 | |
| 650 | 0 | |a Autoestima |9 308492 | |
| 650 | 0 | |a Psicología social |9 222894 | |
| 583 | |a last modification |c 20130306 12:01:05 |k Rodrigo Vera | ||
| 490 | 0 | |a Colección Psicología | |
| 999 | |c 304229 |d 304227 | ||
| 952 | |0 0 |1 0 |4 0 |6 362_760000000000000_CYR_2002 |7 0 |8 A |9 366145 |a BIBEDU |b BIBEDU |d 2019-11-21 |i 3917959 |o 362.76 CYR 2002 |p 3917959 |r 2019-11-21 |w 2019-11-21 |y BK |k PSI | ||
| 952 | |0 0 |1 0 |4 0 |6 362_760000000000000_CYR_2002 |7 0 |8 A |9 366146 |a BIBEDU |b BIBEDU |d 2019-11-21 |i 3922138 |o 362.76 CYR 2002 |p 3922138 |r 2019-11-21 |w 2019-11-21 |y BK |k EPE | ||
| 952 | |0 0 |1 0 |4 0 |6 362_760000000000000_CYR_2002 |7 0 |8 A |9 366147 |a BIBEDU |b BIBEDU |d 2019-11-21 |i 4290755 |o 362.76 CYR 2002 |p 4290755 |r 2019-11-21 |w 2019-11-21 |y BK |k EDI | ||